000 00794nam a22002177a 4500
999 _c17108
_d17108
003 AR-CdUCM
008 190507b ||||| |||| 00| 0 spa d
040 _aMUNICIPALIDAD PROVINCIAL DEL CUSCO
_cBIBLIOTECA MUNICIPAL DEL CUSCO
082 _24ed.
_a375.2 /
_bS46
100 _aSeyfert, Richard
_936963
245 _aPracticas escolares /
260 _aMéxico :
_bNacional,
_c1967.
300 _a185, XIV páginas ;
_c18 cm.
_bIlustraciones,
505 _aContenido : Misión social de la escuela primaria publica, y fine que de ella se derivan -- Organización de la escuela nacional ...
650 _aEscuela
_91856
650 _aPublica
_929733
650 _aEducación
_9460
700 _aGonzáles Rivas, Álvaro (Traducción)
_936964
942 _2ddc
_cLIBROS
945 _arah
_d07/05/2019